[Event "VIII Miedzynarodowy Memorial Ferdynanda Dziedzica"]
[Site "Trzcianka"]
[Date "2018.10.14"]
[Round "5.9"]
[White "Turlej, Lukasz"]
[Black "Przybylski, Wojciech"]
[Result "1/2-1/2"]
[BlackElo "2321"]
[WhiteElo "2005"]
[LiveChessVersion "1.4.8"]

1. d4 {[%clk 0:10:09]} Nf6 {[%clk 0:10:07]} 2. c4 {[%clk 0:10:13]} e6
{[%clk 0:10:10]} 3. Nf3 {[%clk 0:10:16]} b6 {[%clk 0:10:12]} 4. g3
{[%clk 0:10:19]} Ba6 {[%clk 0:10:14]} 5. b3 {[%clk 0:10:14]} Bb4+
{[%clk 0:10:13]} 6. Bd2 {[%clk 0:10:17]} Be7 {[%clk 0:10:14]} 7. Bg2
{[%clk 0:10:19]} d5 {[%clk 0:08:26]} 8. Ne5 {[%clk 0:09:34]} O-O {[%clk 0:08:23]}
9. O-O {[%clk 0:09:26]} Bb7 {[%clk 0:06:55]} 10. Nc3 {[%clk 0:08:38]} Nbd7
{[%clk 0:06:54]} 11. Rc1 {[%clk 0:07:24]} c5 {[%clk 0:06:40]} 12. cxd5
{[%clk 0:06:24]} exd5 {[%clk 0:06:03]} 13. Bg5 {[%clk 0:05:36]} Nxe5
{[%clk 0:03:43]} 14. dxe5 {[%clk 0:05:40]} Ne4 {[%clk 0:03:45]} 15. Nxe4
{[%clk 0:03:17]} dxe4 {[%clk 0:03:37]} 16. Qxd8 {[%clk 0:03:20]} Bxd8
{[%clk 0:03:39]} 17. Bf4 {[%clk 0:02:34]} Re8 {[%clk 0:02:35]} 18. h4
{[%clk 0:02:16]} h6 {[%clk 0:01:55]} 19. h5 {[%clk 0:02:04]} Bc7 {[%clk 0:01:46]}
20. e6 {[%clk 0:01:34]} Bxf4 {[%clk 0:01:45]} 21. exf7+ {[%clk 0:01:38]} Kxf7
{[%clk 0:01:49]} 22. gxf4 {[%clk 0:01:42]} Kf6 {[%clk 0:01:31]} 23. Rfd1
{[%clk 0:01:02]} Rad8 {[%clk 0:01:34]} 24. Rxd8 {[%clk 0:00:50]} Rxd8
{[%clk 0:01:37]} 25. b4 {[%clk 0:00:55]} Rc8 {[%clk 0:01:15]} 26. bxc5
{[%clk 0:00:52]} Rxc5 {[%clk 0:01:15]} 27. Rxc5 {[%clk 0:00:43]} bxc5
{[%clk 0:01:19]} 28. e3 {[%clk 0:00:40]} Bd5 {[%clk 0:00:32]} 29. a3
{[%clk 0:00:43]} Ke6 {[%clk 0:00:13]} 30. Kf1 {[%clk 0:00:44]} Kd6
{[%clk 0:00:13]} 31. Ke1 {[%clk 0:00:43]} Kc6 {[%clk 0:00:09]} 32. Kd2
{[%clk 0:00:47]} Kb5 {[%clk 0:00:11]} 33. Kc3 {[%clk 0:00:46]} Ka4
{[%clk 0:00:14]} 34. Kb2 {[%clk 0:00:30]} c4 {[%clk 0:00:17]} 35. Bf1
{[%clk 0:00:22]} Kb5 {[%clk 0:00:20]} 36. Kc3 {[%clk 0:00:24]} Kc5
{[%clk 0:00:23]} 37. Be2 {[%clk 0:00:27]} Bf7 {[%clk 0:00:26]} 38. Bg4
{[%clk 0:00:28]} Kd5 {[%clk 0:00:20]} 39. Kb4 {[%clk 0:00:19]} a5+
{[%clk 0:00:17]} 40. Kc3 {[%clk 0:00:21]} g6 {[%clk 0:00:15]} 41. hxg6
{[%clk 0:00:23]} Bxg6 {[%clk 0:00:18]} 42. Bh3 {[%clk 0:00:10]} h5
{[%clk 0:00:21]} 43. Bc8 {[%clk 0:00:09]} h4 {[%clk 0:00:16]} 44. Bh3
{[%clk 0:00:13]} Bf7 {[%clk 0:00:11]} 45. Bg2 {[%clk 0:00:10]} Be6
{[%clk 0:00:11]} 46. f3 {[%clk 0:00:14]} Bf5 {[%clk 0:00:13]} 47. fxe4+
{[%clk 0:00:08]} Bxe4 {[%clk 0:00:17]} 48. Bh3 {[%clk 0:00:12]} Bf3
{[%clk 0:00:17]} 49. Bf1 {[%clk 0:00:15]} Ke4 {[%clk 0:00:14]} 50. Kxc4
{[%clk 0:00:15]} Kxe3 {[%clk 0:00:08]} 51. f5 {[%clk 0:00:20]} Bh5
{[%clk 0:00:06]} 52. f6 {[%clk 0:00:19]} Kf2 {[%clk 0:00:10]} 53. Bh3
{[%clk 0:00:23]} Kg3 {[%clk 0:00:11]} 54. Bc8 {[%clk 0:00:25]} Kf4
{[%clk 0:00:10]} 55. Kd5 {[%clk 0:00:21]} Kg5 {[%clk 0:00:07]} 56. Ke5
{[%clk 0:00:25]} Bf7 {[%clk 0:00:09]} 57. Bh3 {[%clk 0:00:29]} Bc4
{[%clk 0:00:09]} 58. Be6 {[%clk 0:00:30]} Bxe6 {[%clk 0:00:08]} 59. Kxe6 h3
{[%clk 0:00:12]} 60. f7 {[%clk 0:00:39]} h2 {[%clk 0:00:16]} 61. f8=Q
{[%clk 0:00:42]} h1=Q {[%clk 0:00:19]} 62. Qf5+ {[%clk 0:00:43]} Kh6
{[%clk 0:00:21]} 63. Qf6+ {[%clk 0:00:30]} Kh7 {[%clk 0:00:20]} 64. Qf7+
{[%clk 0:00:23]} Kh8 {[%clk 0:00:19]} 65. Qe8+ {[%clk 0:00:25]} Kh7
{[%clk 0:00:21]} 66. Qe7+ {[%clk 0:00:29]} Kh8 {[%clk 0:00:23]} 67. Qd8+
{[%clk 0:00:30]} Kg7 {[%clk 0:00:21]} 68. Qc7+ {[%clk 0:00:32]} Kg6
{[%clk 0:00:13]} 69. Qf7+ {[%clk 0:00:23]} Kh6 {[%clk 0:00:15]} 70. Qf4+
{[%clk 0:00:26]} Kg7 {[%clk 0:00:13]} 71. Qg5+ {[%clk 0:00:28]} Kh8
{[%clk 0:00:10]} 72. Qd8+ {[%clk 0:00:29]} Kg7 {[%clk 0:00:12]} 73. Qxa5
{[%clk 0:00:33]} Qh3+ {[%clk 0:00:08]} 74. Ke7 {[%clk 0:00:33]} Qe3+
{[%clk 0:00:08]} 75. Kd6 {[%clk 0:00:34]} Qd3+ {[%clk 0:00:09]} 76. Ke6
{[%clk 0:00:37]} Qh3+ {[%clk 0:00:10]} 77. Kd6 {[%clk 0:00:36]} Qd3+
{[%clk 0:00:13]} 78. Kc6 {[%clk 0:00:23]} Qf3+ {[%clk 0:00:13]} 79. Kb6
{[%clk 0:00:25]} Qf6+ {[%clk 0:00:10]} 80. Kb7 {[%clk 0:00:25]} Qf3+
{[%clk 0:00:12]} 1/2-1/2

[Event "VIII Miedzynarodowy Memorial Ferdynanda Dziedzica"]
[Site "Trzcianka"]
[Date "2018.10.14"]
[Round "6.1"]
[White "Krasenkow, Michal"]
[Black "Moiseenko, Alexander"]
[Result "1/2-1/2"]
[BlackElo "2680"]
[WhiteElo "2524"]
[LiveChessVersion "1.4.8"]

1. c4 {[%clk 0:10:09]} e5 {[%clk 0:10:08]} 2. Nc3 {[%clk 0:10:13]} Bb4
{[%clk 0:10:09]} 3. Qc2 {[%clk 0:10:10]} Nf6 {[%clk 0:09:42]} 4. g3
{[%clk 0:09:58]} O-O {[%clk 0:09:18]} 5. Bg2 {[%clk 0:10:02]} Re8
{[%clk 0:08:30]} 6. Nf3 {[%clk 0:09:42]} c6 {[%clk 0:08:13]} 7. O-O
{[%clk 0:09:33]} d5 {[%clk 0:08:07]} 8. cxd5 {[%clk 0:09:16]} cxd5
{[%clk 0:08:07]} 9. d4 {[%clk 0:09:20]} e4 {[%clk 0:06:54]} 10. Ne5
{[%clk 0:09:24]} Nc6 {[%clk 0:06:49]} 11. Nxc6 {[%clk 0:08:41]} bxc6
{[%clk 0:06:53]} 12. Na4 {[%clk 0:08:45]} Bg4 {[%clk 0:05:45]} 13. f3
{[%clk 0:08:33]} exf3 {[%clk 0:05:04]} 14. exf3 {[%clk 0:08:35]} Bd7
{[%clk 0:04:51]} 15. Nc5 {[%clk 0:08:24]} Qb6 {[%clk 0:04:23]} 16. Bg5
{[%clk 0:08:16]} Bxc5 {[%clk 0:04:26]} 17. dxc5 {[%clk 0:08:20]} Qb4
{[%clk 0:04:26]} 18. a3 {[%clk 0:07:57]} Qd4+ {[%clk 0:04:16]} 19. Qf2
{[%clk 0:08:01]} Qxf2+ {[%clk 0:04:03]} 20. Kxf2 {[%clk 0:08:00]} a5
{[%clk 0:04:01]} 21. b4 {[%clk 0:07:56]} Reb8 {[%clk 0:03:46]} 22. Bd2
{[%clk 0:07:50]} axb4 {[%clk 0:03:39]} 23. axb4 {[%clk 0:07:52]} Bf5
{[%clk 0:03:19]} 24. Bc3 {[%clk 0:07:46]} h6 {[%clk 0:02:40]} 25. Rxa8
{[%clk 0:06:38]} Rxa8 {[%clk 0:02:44]} 26. Ra1 {[%clk 0:06:42]} Rb8
{[%clk 0:02:36]} 27. Ra6 {[%clk 0:06:00]} d4 {[%clk 0:02:37]} 28. Bxd4
{[%clk 0:05:02]} Rxb4 {[%clk 0:02:39]} 29. Bxf6 {[%clk 0:04:01]} gxf6
{[%clk 0:02:42]} 30. Rxc6 {[%clk 0:03:42]} 1/2-1/2

[Event "VIII Miedzynarodowy Memorial Ferdynanda Dziedzica"]
[Site "Trzcianka"]
[Date "2018.10.14"]
[Round "6.2"]
[White "Jaracz, Pawel"]
[Black "Tomczak, Jacek"]
[Result "0-1"]
[BlackElo "2546"]
[WhiteElo "2538"]
[LiveChessVersion "1.4.8"]

1. Nf3 {[%clk 0:10:07]} c5 {[%clk 0:10:08]} 2. e4 {[%clk 0:10:10]} d6
{[%clk 0:10:12]} 3. d4 {[%clk 0:10:11]} cxd4 {[%clk 0:10:15]} 4. Nxd4
{[%clk 0:10:15]} Nf6 {[%clk 0:10:19]} 5. Nc3 {[%clk 0:10:19]} a6 {[%clk 0:10:22]}
6. Be3 {[%clk 0:10:19]} e5 {[%clk 0:10:25]} 7. Nb3 {[%clk 0:10:21]} Be6
{[%clk 0:10:28]} 8. f3 {[%clk 0:10:20]} h5 {[%clk 0:10:31]} 9. Nd5
{[%clk 0:10:23]} Bxd5 {[%clk 0:10:33]} 10. exd5 {[%clk 0:10:26]} Nbd7
{[%clk 0:10:36]} 11. Qd2 {[%clk 0:10:22]} g6 {[%clk 0:10:39]} 12. Be2
{[%clk 0:09:58]} Bg7 {[%clk 0:10:42]} 13. O-O {[%clk 0:10:01]} b6
{[%clk 0:10:45]} 14. c4 {[%clk 0:09:47]} O-O {[%clk 0:10:47]} 15. Rac1
{[%clk 0:09:16]} Rc8 {[%clk 0:10:49]} 16. Na1 {[%clk 0:09:13]} h4
{[%clk 0:10:41]} 17. Nc2 {[%clk 0:09:13]} a5 {[%clk 0:10:07]} 18. Na3
{[%clk 0:09:16]} Nh5 {[%clk 0:09:33]} 19. Nb5 {[%clk 0:09:19]} Nc5
{[%clk 0:09:36]} 20. Bd1 {[%clk 0:07:32]} Qe7 {[%clk 0:09:05]} 21. Bc2
{[%clk 0:07:18]} f5 {[%clk 0:09:05]} 22. b3 {[%clk 0:07:11]} Kh7 {[%clk 0:07:03]}
23. a3 {[%clk 0:07:14]} h3 {[%clk 0:06:24]} 24. b4 {[%clk 0:06:34]} hxg2
{[%clk 0:06:17]} 25. Rf2 {[%clk 0:05:18]} axb4 {[%clk 0:06:15]} 26. axb4
{[%clk 0:05:21]} Nd7 {[%clk 0:06:19]} 27. Bb1 {[%clk 0:05:07]} Nf4
{[%clk 0:04:27]} 28. Bxf4 {[%clk 0:05:07]} exf4 {[%clk 0:04:30]} 29. Rxg2
{[%clk 0:04:55]} Ne5 {[%clk 0:04:30]} 30. Qe2 {[%clk 0:04:58]} Rfe8
{[%clk 0:04:07]} 31. Ba2 {[%clk 0:03:56]} Qf6 {[%clk 0:03:32]} 32. Qf1
{[%clk 0:03:59]} Nf7 {[%clk 0:03:23]} 33. Re2 {[%clk 0:03:34]} Re3
{[%clk 0:03:20]} 34. Rxe3 {[%clk 0:03:34]} fxe3 {[%clk 0:03:24]} 35. f4
{[%clk 0:03:37]} Qb2 {[%clk 0:03:19]} 36. Bb1 {[%clk 0:03:30]} e2
{[%clk 0:03:07]} 37. Qh3+ {[%clk 0:03:05]} Nh6 {[%clk 0:02:58]} 38. Re1
{[%clk 0:01:41]} Qxb4 {[%clk 0:03:00]} 0-1

[Event "VIII Miedzynarodowy Memorial Ferdynanda Dziedzica"]
[Site "Trzcianka"]
[Date "2018.10.14"]
[Round "6.3"]
[White "Tomczak, Mikolaj"]
[Black "Teclaf, Pawel"]
[Result "1/2-1/2"]
[BlackElo "2298"]
[WhiteElo "2448"]
[LiveChessVersion "1.4.8"]

1. Nf3 {[%clk 0:10:07]} Nf6 {[%clk 0:10:00]} 2. c4 {[%clk 0:10:11]} g6
{[%clk 0:10:02]} 3. Nc3 {[%clk 0:10:14]} d5 {[%clk 0:10:06]} 4. cxd5
{[%clk 0:10:18]} Nxd5 {[%clk 0:10:10]} 5. e4 {[%clk 0:10:22]} Nxc3
{[%clk 0:10:14]} 6. dxc3 {[%clk 0:10:26]} Qxd1+ {[%clk 0:10:17]} 7. Kxd1
{[%clk 0:10:30]} f6 {[%clk 0:10:21]} 8. Be3 {[%clk 0:10:34]} e5 {[%clk 0:10:21]}
9. Nd2 {[%clk 0:10:37]} Be6 {[%clk 0:10:11]} 10. Bc4 {[%clk 0:10:41]} Kf7
{[%clk 0:09:49]} 11. Kc2 {[%clk 0:10:45]} Nd7 {[%clk 0:09:42]} 12. b4 a5
{[%clk 0:08:48]} 13. a3 {[%clk 0:10:52]} Be7 {[%clk 0:08:06]} 14. Bxe6+
{[%clk 0:10:27]} Kxe6 {[%clk 0:08:10]} 15. Nc4 {[%clk 0:10:30]} b6
{[%clk 0:07:10]} 16. Rhd1 {[%clk 0:10:07]} Ra6 {[%clk 0:06:20]} 17. Kb3
{[%clk 0:08:43]} Rha8 {[%clk 0:05:44]} 18. b5 {[%clk 0:07:11]} R6a7
{[%clk 0:05:39]} 19. Rd5 {[%clk 0:07:04]} Rd8 {[%clk 0:04:35]} 20. Rad1
{[%clk 0:07:06]} Raa8 {[%clk 0:04:37]} 21. Kc2 {[%clk 0:06:55]} Rac8
{[%clk 0:03:41]} 22. a4 {[%clk 0:06:00]} Nf8 {[%clk 0:03:16]} 23. Kb3
{[%clk 0:04:03]} Rd7 {[%clk 0:02:22]} 24. f4 {[%clk 0:03:42]} Rcd8
{[%clk 0:02:02]} 25. Rxd7 {[%clk 0:01:42]} Nxd7 {[%clk 0:02:00]} 26. Kc2
{[%clk 0:01:30]} exf4 {[%clk 0:01:51]} 27. Bxf4 {[%clk 0:01:34]} Rc8
{[%clk 0:01:54]} 28. Be3 {[%clk 0:01:27]} Nc5 {[%clk 0:01:35]} 29. Bxc5
{[%clk 0:01:30]} Bxc5 {[%clk 0:01:39]} 30. Rd3 {[%clk 0:01:29]} Rf8
{[%clk 0:01:31]} 31. Rh3 {[%clk 0:01:30]} Rf7 {[%clk 0:01:25]} 32. Kd3
{[%clk 0:01:29]} Rd7+ {[%clk 0:01:12]} 33. Ke2 {[%clk 0:01:33]} f5
{[%clk 0:01:12]} 34. exf5+ {[%clk 0:01:32]} Kxf5 {[%clk 0:01:13]} 35. Rf3+
{[%clk 0:01:32]} Ke6 {[%clk 0:01:13]} 36. Rf4 {[%clk 0:01:30]} Kd5
{[%clk 0:00:54]} 37. Kd3 {[%clk 0:01:22]} Ke6+ {[%clk 0:00:58]} 38. Ke2
{[%clk 0:01:25]} Kd5 {[%clk 0:01:02]} 39. Kd3 {[%clk 0:01:03]} Ke6+
{[%clk 0:01:06]} 40. Ke2 {[%clk 0:01:03]} Kd5 {[%clk 0:01:07]} 41. Kd3
{[%clk 0:00:54]} Ke5+ {[%clk 0:10:05]} 42. Ke4+ {[%clk 0:10:05]} 1/2-1/2

[Event "VIII Miedzynarodowy Memorial Ferdynanda Dziedzica"]
[Site "Trzcianka"]
[Date "2018.10.14"]
[Round "6.4"]
[White "Piorun, Kacper"]
[Black "Kucza, Karol"]
[Result "1-0"]
[BlackElo "2264"]
[WhiteElo "2636"]
[LiveChessVersion "1.4.8"]

1. e4 {[%clk 0:10:09]} e5 {[%clk 0:10:09]} 2. Nf3 {[%clk 0:10:13]} Nc6
{[%clk 0:10:13]} 3. Bc4 {[%clk 0:10:17]} Bc5 {[%clk 0:10:17]} 4. d3
{[%clk 0:10:20]} Nf6 {[%clk 0:10:20]} 5. c3 {[%clk 0:10:23]} a6 {[%clk 0:10:21]}
6. a4 {[%clk 0:10:27]} d6 {[%clk 0:10:24]} 7. O-O {[%clk 0:10:28]} Ba7
{[%clk 0:10:27]} 8. Na3 {[%clk 0:10:26]} h6 {[%clk 0:10:23]} 9. Nc2
{[%clk 0:10:26]} O-O {[%clk 0:10:26]} 10. Be3 {[%clk 0:10:06]} Ne7
{[%clk 0:10:15]} 11. Bxa7 {[%clk 0:10:05]} Rxa7 {[%clk 0:10:19]} 12. Ne3
{[%clk 0:10:09]} Ng6 {[%clk 0:10:19]} 13. a5 {[%clk 0:10:08]} Ra8
{[%clk 0:10:20]} 14. Re1 {[%clk 0:09:54]} c6 {[%clk 0:09:19]} 15. Bb3
{[%clk 0:09:33]} Re8 {[%clk 0:09:18]} 16. Nc4 {[%clk 0:08:44]} Bg4
{[%clk 0:09:06]} 17. h3 {[%clk 0:08:43]} Be6 {[%clk 0:09:10]} 18. Nb6
{[%clk 0:08:45]} Rb8 {[%clk 0:09:13]} 19. Bxe6 {[%clk 0:08:47]} Rxe6
{[%clk 0:08:55]} 20. g3 {[%clk 0:08:05]} Qc7 {[%clk 0:08:49]} 21. Kg2
{[%clk 0:07:39]} Rd8 {[%clk 0:08:49]} 22. Qe2 {[%clk 0:06:51]} Ree8
{[%clk 0:06:40]} 23. Nd2 {[%clk 0:06:24]} d5 {[%clk 0:05:53]} 24. c4
{[%clk 0:06:22]} dxe4 {[%clk 0:05:49]} 25. dxe4 {[%clk 0:06:24]} Nf8
{[%clk 0:05:50]} 26. c5 {[%clk 0:05:21]} Ne6 {[%clk 0:05:50]} 27. Rac1
{[%clk 0:05:25]} Nd4 {[%clk 0:05:53]} 28. Qe3 {[%clk 0:05:27]} Qe7
{[%clk 0:05:23]} 29. b4 {[%clk 0:05:19]} Nb5 {[%clk 0:04:48]} 30. Nf3
{[%clk 0:04:32]} Nh7 {[%clk 0:03:52]} 31. Nc4 {[%clk 0:04:27]} Qc7
{[%clk 0:03:08]} 32. Rcd1 {[%clk 0:04:10]} Rxd1 {[%clk 0:02:39]} 33. Rxd1
{[%clk 0:04:14]} Nf8 {[%clk 0:02:43]} 34. Qd3 {[%clk 0:03:34]} Re7
{[%clk 0:01:52]} 35. Nd6 {[%clk 0:03:03]} Ne6 {[%clk 0:01:43]} 36. Nxb5
{[%clk 0:02:20]} axb5 {[%clk 0:01:40]} 37. Qc3 {[%clk 0:02:06]} f6
{[%clk 0:01:41]} 38. Rd6 {[%clk 0:02:01]} Ng5 {[%clk 0:01:36]} 39. Nxg5
{[%clk 0:01:54]} hxg5 {[%clk 0:01:40]} 40. Qd3 {[%clk 0:01:56]} Kh7
{[%clk 0:01:10]} 41. Qd1 {[%clk 0:01:41]} Rf7 {[%clk 0:00:44]} 42. Rd8
{[%clk 0:01:06]} g6 {[%clk 0:00:41]} 43. Rd6 {[%clk 0:00:50]} Kg7
{[%clk 0:00:45]} 44. Qg4 {[%clk 0:00:49]} Qe7 {[%clk 0:00:44]} 45. Qc8
{[%clk 0:00:42]} Qc7 {[%clk 0:00:41]} 46. Qe6 {[%clk 0:00:32]} Qe7
{[%clk 0:00:24]} 47. Qc8 {[%clk 0:00:23]} Qc7 {[%clk 0:00:28]} 48. Qg4
{[%clk 0:00:25]} Qe7 {[%clk 0:00:13]} 49. Qe2 {[%clk 0:00:28]} Qc7
{[%clk 0:00:16]} 50. Qd2 {[%clk 0:00:18]} Qc8 {[%clk 0:00:16]} 51. Rd8
{[%clk 0:00:08]} Qe6 {[%clk 0:00:20]} 52. Rd6 {[%clk 0:00:11]} Qc4
{[%clk 0:00:23]} 53. f3 {[%clk 0:00:10]} Qb3 {[%clk 0:00:21]} 54. Rd3
{[%clk 0:00:09]} Qc4 {[%clk 0:00:23]} 55. Kf2 {[%clk 0:00:11]} Qe6
{[%clk 0:00:18]} 56. Qc2 {[%clk 0:00:13]} Qxh3 {[%clk 0:00:21]} 57. Qd2
{[%clk 0:00:08]} Qh2+ {[%clk 0:00:24]} 58. Ke3 {[%clk 0:00:11]} Qxg3
{[%clk 0:00:27]} 59. Qf2 {[%clk 0:00:10]} Qxf2+ {[%clk 0:00:28]} 60. Kxf2
{[%clk 0:00:14]} Re7 {[%clk 0:00:20]} 61. Rd6 {[%clk 0:00:16]} Rf7
{[%clk 0:00:19]} 62. a6 {[%clk 0:00:12]} bxa6 {[%clk 0:00:23]} 63. Rxc6
{[%clk 0:00:16]} Ra7 {[%clk 0:00:27]} 64. Rb6 {[%clk 0:00:20]} Kf7
{[%clk 0:00:30]} 65. c6 {[%clk 0:00:22]} Ke8 {[%clk 0:00:09]} 66. Rb8+
{[%clk 0:00:24]} 1-0

[Event "VIII Miedzynarodowy Memorial Ferdynanda Dziedzica"]
[Site "Trzcianka"]
[Date "2018.10.14"]
[Round "6.5"]
[White "Kantans, Toms"]
[Black "Schmidt, Wlodzimierz"]
[Result "1-0"]
[BlackElo "2254"]
[WhiteElo "2513"]
[LiveChessVersion "1.4.8"]

1. e4 {[%clk 0:10:07]} c5 {[%clk 0:10:04]} 2. Nf3 {[%clk 0:10:11]} e6
{[%clk 0:10:07]} 3. d4 {[%clk 0:10:14]} cxd4 {[%clk 0:10:10]} 4. Nxd4
{[%clk 0:10:18]} Nc6 {[%clk 0:10:14]} 5. Nc3 {[%clk 0:10:21]} Qc7
{[%clk 0:10:18]} 6. f4 {[%clk 0:10:00]} a6 {[%clk 0:10:17]} 7. Be3
{[%clk 0:09:01]} b5 {[%clk 0:10:17]} 8. Nxc6 {[%clk 0:08:21]} Qxc6
{[%clk 0:10:19]} 9. Bd3 {[%clk 0:08:25]} Bb7 {[%clk 0:09:51]} 10. Qe2
{[%clk 0:08:03]} b4 {[%clk 0:08:03]} 11. Nd1 {[%clk 0:08:04]} Bc5
{[%clk 0:08:07]} 12. Qf2 {[%clk 0:06:28]} Rc8 {[%clk 0:07:55]} 13. Bxc5
{[%clk 0:06:15]} Qxc5 {[%clk 0:07:58]} 14. Qxc5 {[%clk 0:06:19]} Rxc5
{[%clk 0:08:01]} 15. a3 {[%clk 0:06:23]} bxa3 {[%clk 0:07:44]} 16. Rxa3
{[%clk 0:06:25]} Nf6 {[%clk 0:07:33]} 17. Nf2 {[%clk 0:06:00]} O-O
{[%clk 0:07:23]} 18. Ke2 {[%clk 0:06:03]} d5 {[%clk 0:06:44]} 19. e5
{[%clk 0:05:55]} Ne4 {[%clk 0:06:48]} 20. Bxe4 {[%clk 0:04:33]} dxe4
{[%clk 0:06:51]} 21. c3 {[%clk 0:04:37]} f6 {[%clk 0:06:51]} 22. exf6
{[%clk 0:04:20]} Rxf6 {[%clk 0:06:41]} 23. Ke3 {[%clk 0:04:12]} Rcf5
{[%clk 0:06:13]} 24. Rd1 {[%clk 0:03:00]} Rxf4 {[%clk 0:06:13]} 25. Rd8+
{[%clk 0:03:04]} Rf8 {[%clk 0:06:07]} 26. Rxf8+ {[%clk 0:03:07]} Rxf8
{[%clk 0:06:10]} 27. Ra4 {[%clk 0:03:06]} Rf5 {[%clk 0:05:24]} 28. Rb4
{[%clk 0:03:02]} Rb5 {[%clk 0:04:08]} 29. Rxb5 {[%clk 0:02:25]} axb5
{[%clk 0:04:12]} 30. Nxe4 {[%clk 0:02:21]} e5 {[%clk 0:04:10]} 31. g3
{[%clk 0:02:11]} Bc6 {[%clk 0:04:02]} 32. Ng5 {[%clk 0:02:09]} h6
{[%clk 0:02:18]} 33. Nf3 {[%clk 0:01:50]} Bxf3 {[%clk 0:02:21]} 34. Kxf3
{[%clk 0:01:53]} Kf7 {[%clk 0:02:25]} 35. Ke4 {[%clk 0:01:56]} Ke6
{[%clk 0:02:29]} 36. g4 {[%clk 0:01:24]} g6 {[%clk 0:02:27]} 37. b3
{[%clk 0:00:37]} Kd6 {[%clk 0:02:30]} 38. h3 {[%clk 0:00:22]} g5 {[%clk 0:00:53]}
39. c4 {[%clk 0:00:24]} bxc4 {[%clk 0:00:44]} 40. bxc4 {[%clk 0:00:28]} Kc5
{[%clk 0:00:41]} 41. Kxe5 {[%clk 0:00:31]} Kxc4 {[%clk 0:00:44]} 42. Kf5
{[%clk 0:00:33]} Kd5 {[%clk 0:00:31]} 43. Kg6 {[%clk 0:00:36]} Ke6
{[%clk 0:00:35]} 44. Kxh6 {[%clk 0:00:40]} Kf6 {[%clk 0:00:39]} 45. Kh5
{[%clk 0:00:43]} 1-0

[Event "VIII Miedzynarodowy Memorial Ferdynanda Dziedzica"]
[Site "Trzcianka"]
[Date "2018.10.14"]
[Round "6.6"]
[White "Jedynak, Radoslaw"]
[Black "Mazurkiewicz, Michal"]
[Result "1-0"]
[BlackElo "2213"]
[WhiteElo "2424"]
[LiveChessVersion "1.4.8"]

1. d4 {[%clk 0:10:08]} Nf6 {[%clk 0:10:09]} 2. Nf3 {[%clk 0:10:11]} b5
{[%clk 0:10:13]} 3. e3 {[%clk 0:10:01]} b4 {[%clk 0:10:16]} 4. a3
{[%clk 0:10:02]} bxa3 {[%clk 0:10:14]} 5. Nxa3 {[%clk 0:10:06]} e6
{[%clk 0:10:16]} 6. Be2 {[%clk 0:10:07]} Be7 {[%clk 0:10:16]} 7. O-O
{[%clk 0:10:03]} O-O {[%clk 0:10:19]} 8. c4 {[%clk 0:10:02]} c5 {[%clk 0:10:07]}
9. Nb5 {[%clk 0:09:27]} a6 {[%clk 0:10:04]} 10. dxc5 {[%clk 0:09:06]} Bxc5
{[%clk 0:10:03]} 11. Nd6 {[%clk 0:09:04]} Qb6 {[%clk 0:09:49]} 12. Nxc8
{[%clk 0:09:07]} Rxc8 {[%clk 0:09:52]} 13. b3 {[%clk 0:08:15]} d5
{[%clk 0:08:39]} 14. Bb2 {[%clk 0:08:15]} Nbd7 {[%clk 0:08:42]} 15. Ne5
{[%clk 0:07:44]} Nxe5 {[%clk 0:05:52]} 16. Bxe5 {[%clk 0:07:47]} dxc4
{[%clk 0:05:34]} 17. Bxf6 {[%clk 0:07:37]} gxf6 {[%clk 0:05:37]} 18. Bxc4
{[%clk 0:07:40]} f5 {[%clk 0:05:30]} 19. Qh5 {[%clk 0:07:32]} Be7
{[%clk 0:04:58]} 20. e4 {[%clk 0:06:37]} fxe4 {[%clk 0:04:16]} 21. Qg4+
{[%clk 0:06:21]} Kh8 {[%clk 0:04:14]} 22. Qxe4 {[%clk 0:06:24]} Bf6
{[%clk 0:04:09]} 23. Rae1 {[%clk 0:05:56]} Qd4 {[%clk 0:03:39]} 24. Qf3
{[%clk 0:05:49]} Rg8 {[%clk 0:02:47]} 25. Re4 {[%clk 0:05:52]} Qc3
{[%clk 0:02:49]} 26. Re3 {[%clk 0:05:55]} Qb2 {[%clk 0:02:46]} 27. Qb7
{[%clk 0:03:41]} Bd4 {[%clk 0:01:58]} 28. Rh3 {[%clk 0:03:21]} Ra7
{[%clk 0:01:03]} 29. Qe4 {[%clk 0:03:10]} Rg7 {[%clk 0:01:07]} 30. Bd3
{[%clk 0:03:07]} Bf6 {[%clk 0:00:13]} 31. Rxh7+ {[%clk 0:02:53]} Kg8
{[%clk 0:00:18]} 32. Rh3 {[%clk 0:02:41]} Kf8 {[%clk 0:00:13]} 33. Qb4+
{[%clk 0:02:19]} Re7 {[%clk 0:00:14]} 34. Bxa6 {[%clk 0:02:08]} Rg8
{[%clk 0:00:12]} 35. Bc4 {[%clk 0:02:03]} Qd4 {[%clk 0:00:09]} 36. Rg3
{[%clk 0:01:44]} Rh8 {[%clk 0:00:10]} 37. h3 {[%clk 0:01:16]} Be5
{[%clk 0:00:14]} 38. Rf3 {[%clk 0:01:19]} Bd6 {[%clk 0:00:12]} 39. Qe1
{[%clk 0:01:16]} Ke8 {[%clk 0:00:09]} 40. Qe3 {[%clk 0:01:17]} Qg7
{[%clk 0:00:11]} 41. Rd1 {[%clk 0:01:08]} Bc7 {[%clk 0:00:09]} 42. Qe4
{[%clk 0:01:07]} Kf8 {[%clk 0:00:11]} 43. b4 {[%clk 0:01:01]} Rh5
{[%clk 0:00:10]} 44. Bf1 {[%clk 0:00:59]} Rg5 {[%clk 0:00:09]} 45. b5
{[%clk 0:00:58]} Qb2 {[%clk 0:00:07]} 46. Rb1 {[%clk 0:00:58]} Qa2
{[%clk 0:00:09]} 47. b6 {[%clk 0:00:58]} Bb8 {[%clk 0:00:12]} 48. Qc6
{[%clk 0:01:00]} Qd5 {[%clk 0:00:09]} 49. Qxd5 {[%clk 0:00:40]} Rxd5
{[%clk 0:00:13]} 50. Rfb3 {[%clk 0:00:39]} Ke8 {[%clk 0:00:09]} 51. g3
{[%clk 0:00:43]} Kd8 {[%clk 0:00:11]} 52. Bg2 {[%clk 0:00:46]} Rd2
{[%clk 0:00:15]} 53. Rc1 {[%clk 0:00:42]} Red7 {[%clk 0:00:19]} 54. Rbb1
{[%clk 0:00:41]} f6 {[%clk 0:00:06]} 55. b7 {[%clk 0:00:44]} Rc7 {[%clk 0:00:09]}
56. Rxc7 {[%clk 0:00:47]} Kxc7 {[%clk 0:00:12]} 57. Rc1+ {[%clk 0:00:50]} Kb6
{[%clk 0:00:16]} 58. h4 {[%clk 0:00:46]} f5 59. Re1 {[%clk 0:00:46]} e5
{[%clk 0:00:19]} 60. Bh3 {[%clk 0:00:33]} f4 {[%clk 0:00:23]} 61. gxf4
{[%clk 0:00:34]} exf4 62. Bg2 {[%clk 0:00:38]} Rd7 {[%clk 0:00:20]} 63. Bf3
{[%clk 0:00:41]} Rg7+ {[%clk 0:00:20]} 64. Kh2 {[%clk 0:00:45]} Ka7
{[%clk 0:00:07]} 65. Kh3 {[%clk 0:00:47]} Kb6 {[%clk 0:00:10]} 66. h5
{[%clk 0:00:50]} Bc7 {[%clk 0:00:10]} 67. Re8 {[%clk 0:00:52]} Ka7
{[%clk 0:00:12]} 68. Ra8+ {[%clk 0:00:55]} 1-0